Indian India / (Record no. 144901)

MARC details
000 -LEADER
fixed length control field 00546nam a22001817a 4500
010 ## - LCCN (DPL NO)
LC control number ENG-120701
020 ## - INTERNATIONAL STANDARD BOOK NUMBER
International Standard Book Number 9788190253864
Terms of availability 200.00
035 ## - SYSTEM CONTROL NUMBER
System control number EN-104233
037 ## - SOURCE OF ACQUISITION
Source of stock number/acquisition DBAD/PUB
082 ## - DEWEY DECIMAL CLASSIFICATION NUMBER
Classification number 954
100 ## - MAIN ENTRY--PERSONAL NAME
Personal name Gandhi, M.K.
245 ## - TITLE STATEMENT
Title Indian India /
Statement of responsibility, etc by M.K.Gandhi: edited by Dewan Ram Prakash
260 ## - PUBLICATION, DISTRIBUTION, ETC. (IMPRINT)
Place of publication, distribution, etc Kolkata
Name of publisher, distributor, etc Akanksha Publisher And Distributor
Date of publication, distribution, etc 2011
270 ## - ADDRESS
Address 14, South Park, Sontoshpur,
City Kolkata
Postal code 700075
300 ## - PHYSICAL DESCRIPTION
Extent 64p.
Other physical details 21cm(Hb).
700 ## - ADDED ENTRY--PERSONAL NAME
Personal name Prakash, Dewan Ram
942 ## - ADDED ENTRY ELEMENTS (KOHA)
Source of classification or shelving scheme Dewey Decimal Classification
Item type English Books
Classification part 954
Call number suffix GAN
Holdings
Withdrawn status Lost status Not for loan Collection code Home library Current library Date acquired Source of acquisition Cost, normal purchase price Full call number Barcode Copy number Cost, replacement price Koha item type
    Not For Loan Non-fiction D.B.Act.Division Bawana 19/09/2017 DBAD/PUB 200.00 954 GAN EN-104233 1 200.00 English Books

© Delhi Public Library
Hit Counter
free hit counter